| 000 | 00593nam a2200217Ia 4500 | ||
|---|---|---|---|
| 003 | OSt | ||
| 005 | 20220928151257.0 | ||
| 006 | a|||||r|||| 00| 0 | ||
| 007 | ta | ||
| 008 | 220927b |||||||| |||| 00| 0 eng d | ||
| 024 | _a122363 | ||
| 037 | _cTextual | ||
| 040 |
_aSDCL _cSDCL _beng |
||
| 041 |
_2eng _aeng |
||
| 082 | _aI:33(9G,986), M7 | ||
| 100 |
_aDavies Peter J Ed. _9451705 |
||
| 245 | 0 | _aPlant hormonaes and their role in plant growth and development. | |
| 260 | _c1987 | ||
| 942 |
_hI:33(9G,986), M7 _cTEXL _2CC |
||
| 999 |
_c850784 _d850784 |
||